Normal view
MARC view
Entry Topical Term
001 - CONTROL NUMBER
- control field: 48958
003 - CONTROL NUMBER IDENTIFIER
- control field: ARRUPE
005 - DATE AND TIME OF LATEST TRANSACTION
- control field: 20200121125107.0
008 - FIXED-LENGTH DATA ELEMENTS
- fixed length control field: 200121|| aca||aabn | a|a d
040 ## - CATALOGING SOURCE
- Original cataloging agency: ARRUPE
- Transcribing agency: ARRUPE
150 ## - HEADING--TOPICAL TERM
- Topical term or geographic name as entry element: English poetry
- General subdivision: Greek influences.
670 ## - SOURCE DATA FOUND
- Source citation: Work cat.: (ARRUPE)0: Samuel, Irene, 1915- 48955, Plato and Milton, 1947.